Остров сокровищ (Запись № 7839707)
[ простой вид ]
| 000 -МАРКЕР | |
|---|---|
| контрольное поле | 01281nam0a22003131 4500 |
| 001 - ИДЕНТИФИКАТОР ЗАПИСИ | |
| контрольное поле | rc\4149157 |
| 005 - ИДЕНТИФИКАТОР ВЕРСИИ | |
| контрольное поле | 20250611110847.0 |
| 021 ## - НОМЕР ГОСУДАРСТВЕННОЙ РЕГИСТРАЦИИ | |
| Код страны | российская федерация |
| Номер | [48-5807] |
| 035 ## - ДРУГИЕ СИСТЕМНЫЕ НОМЕРА | |
| Идентификатор записи | (NLR Aleph) 008168569 |
| 100 ## - ДАННЫЕ ОБЩЕЙ ОБРАБОТКИ | |
| Данные общей обработки | 20130415d1947 |||y0rusy50 ca |
| 101 0# - ЯЗЫК РЕСУРСА | |
| Язык текста, звукозаписи и т.д. | английский |
| 102 ## - СТРАНА ПУБЛИКАЦИИ ИЛИ ПРОИЗВОДСТВА | |
| Страна публикации | российская федерация |
| 105 ## - ПОЛЕ КОДИРОВАННЫХ ДАННЫХ: ТЕКСТОВЫЕ МАТЕРИАЛЫ, МОНОГРАФИЧЕСКИЕ | |
| Кодированные данные о монографическом текстовом документе | y z ||||| |
| 200 1# - ЗАГЛАВИЕ И СВЕДЕНИЯ ОБ ОТВЕТСТВЕННОСТИ | |
| Основное заглавие | Остров сокровищ |
| Сведения, относящиеся к заглавию | По роману Р. Стивенсона |
| Первые сведения об ответственности | Обработка и словарь С.С. Толстого |
| 210 ## - ПУБЛИКАЦИЯ, РАСПРОСТРАНЕНИЕ И ДР. | |
| Место издания, распространения и т.д. | Москва |
| Имя издателя, распространителя и т. д. | Изд-во лит. на иностр. яз. |
| Дата издания, распространения и т.д. | 1947 |
| Имя изготовителя | Тип. "Искра революции" |
| -- | Тип. "Ноор-Эсти" в Тарту |
| 215 ## - ФИЗИЧЕСКАЯ ХАРАКТЕРИСТИКА | |
| Специфическое обозначение материала и объем | 82 с. |
| Размеры | 20 |
| 225 1# - СЕРИЯ | |
| Основное заглавие серии | Easy English |
| 300 ## - ОБЩИЕ ПРИМЕЧАНИЯ | |
| Текст примечания | На обл.: Treasure island. After R. L. Stevenson |
| 512 0# - ЗАГЛАВИЕ ОБЛОЖКИ | |
| Заглавие обложки | Treasure island |
| 606 ## - НАИМЕНОВАНИЕ ТЕМЫ КАК ПРЕДМЕТ | |
| Наименование темы | Английский язык |
| Формальный подзаголовок | Книги для самостоятельного чтения |
| Код системы | psbo |
| 608 ## - ФОРМА, ЖАНР, ФИЗИЧЕСКИЕ ХАРАКТЕРИСТИКИ ДОКУМЕНТА КАК ТОЧКА ДОСТУПА | |
| Начальный элемент ввода | Приключенческие романы и рассказы (х. л.) |
| Код системы | psbo |
| 700 #1 - ИМЯ ЛИЦА - ПЕРВИЧНАЯ ОТВЕТСТВЕННОСТЬ | |
| Начальный элемент ввода | Стивенсон |
| Часть имени, кроме начального элемента ввода | Р.Л. |
| Даты | 1850-1894 |
| Расширение инициалов личного имени | Роберт Луи |
| 702 #1 - ИМЯ ЛИЦА - ВТОРИЧНАЯ ОТВЕТСТВЕННОСТЬ | |
| Начальный элемент ввода | Толстой |
| Часть имени, кроме начального элемента ввода | С.С. |
| Расширение инициалов личного имени | Сергей Сергеевич |
| Код отношения | Прочие |
| 801 #0 - ИСТОЧНИК ЗАПИСИ | |
| Страна | российская федерация |
| Организация | NLR |
| Правила каталогизации | psbo |
| 801 #1 - ИСТОЧНИК ЗАПИСИ | |
| Страна | российская федерация |
| Организация | ELAR |
| Источник данных | rusmarc |
| 852 ## - МЕСТОНАХОЖДЕНИЕ И ШИФР ХРАНЕНИЯ | |
| Идентификатор организации | NLR |
| Шифр хранения (Call Number) | Я30 Г-4/86 |
| 942 ## - ДОПОЛНИТЕЛЬНЫЕ ЭЛЕМЕНТЫ ЗАПИСИ (АБИС) | |
| Тип экземпляра АБИС | Книга |
| 980 ## - КОЛЛЕКЦИЯ | |
| Название коллекции | Национальная библиография |
| Тип экземпляра | Дата поступления | Библиотека постоянного хранения | Библиотека текущего хранения | Место хранения | Шифр хранения | Штрих-код | Статус не для выдачи |
|---|---|---|---|---|---|---|---|
| Книга | 26.10.2013 | РНБ (Садовая) | РНБ (Садовая) | Русский книжный фонд -Главное здание, Ленинский читальный зал | Я30 Г-4/86 | 8168569-10 |